Szállítás-szállítmányozás gyakorlata adott cég vonatkozásában

Bibliographic Details
Main Author: Szilágyi Csaba Tamás
Other Authors: Domboróczky Dr. Zoltán
Format: Project work
Kulcsszavak:acélipar
áruszállítás
logisztika
logisztikai rendszer
nemzetközi logisztika
Online Access:http://dolgozattar.uni-bge.hu/60296

MARC

LEADER 00000nnm a2200000 i 4500
001 dolg60296
005 20260409150250.0
008 260409suuuu hu o 000 hun d
040 |a BGE Dolgozattár Repozitórium  |b hun 
041 |a hu 
100 1 |a Szilágyi Csaba Tamás 
245 1 0 |a Szállítás-szállítmányozás gyakorlata adott cég vonatkozásában  |c Szilágyi Csaba Tamás  |h [elektronikus dokumentum] 
516 |a Project_work 
520 3 |a A projektmunka a szállítás-szállítmányozás gyakorlatát mutatja be egy adott cég vonatkozásában, beleértve a fuvarozás és szállítmányozás közötti különbségeket valamint az ide tartozó szállítmányozási ágazatokat is egyaránt. Mint pl.: Légi szállítmányozás, tengeri-szállítmányozás, intermodális, közúti.Ezen felül kitér az adott cég aktuális fuvareszközeire, jelenlegi szállítmányozási rendszereire, szoftvereire és a jövőbeli digitalizáziójára egyaránt.A vizsgamunka által nyújtott keretek azt tették lehetővé, hogy a témát egy szűkebb körben elemezzem és vizsgáljam. 
695 |a acélipar 
695 |a áruszállítás 
695 |a logisztika 
695 |a logisztikai rendszer 
695 |a nemzetközi logisztika 
700 1 |a Domboróczky Dr. Zoltán  |e ths 
856 4 0 |u http://dolgozattar.uni-bge.hu/60296/1/Projektmunka_Sz%C3%A1ll%C3%ADtm%C3%A1nyoz%C3%A1s%20gyakorlata%20adott%20c%C3%A9g%20vonatkoz%C3%A1s%C3%A1ban_Szil%C3%A1gyi_Csaba_DJLN8Z.pdf  |z Dokumentum-elérés 
856 4 0 |u http://dolgozattar.uni-bge.hu/60296/2/Szil%C3%A1gyi_Csaba_KM%20FOSZK%20b%C3%ADr%C3%A1lati%20lap.pdf  |z Dokumentum-elérés